Statistics for Countries and World Capitals Containing Z

Click here to take the quiz!

General Stats

  • This quiz has been taken 517 times
  • The average score is 15 of 20

Answer Stats

Country% Correct
Zambia
95%
Zimbabwe
95%
Zagreb
88%
New Zealand
84%
Azerbaijan
82%
Belize
80%
Brazil
79%
Uzbekistan
78%
Kyrgyzstan
77%
Mozambique
77%
Kazakhstan
76%
Tanzania
71%
Venezuela
70%
La Paz
68%
Switzerland
68%
Vaduz
68%
Czechia
67%
Brazzaville
64%
Bosnia and
Herzegovina
63%
Swaziland
49%

Score Distribution

Percentile by Number Answered

Percent of People with Each Score

Your Score History

You have not taken this quiz